London Underground Stations Closest to Oxford Circus - Statistics

General Stats
  • This quiz has been taken 251 times
  • The average score is 5 of 7
Answer Stats
Answer % Correct
Bond Street
90%
Tottenham Court Road
89%
Piccadilly Circus
86%
Green Park
79%
Regent's Park
61%
Goodge Street
51%
Great Portland Street
37%
No matching quizzes found
Score Distribution
Percent of People with Each Score
Percentile by Number Answered
Your Score History
You have not taken this quiz